Fatty Acids Their chemistry, properties, production, and uses Part 4

Gespeichert in:
Bibliographische Detailangaben
Weitere Verfasser: Markley, Klare S.
Format: Buch
Sprache:Englisch
Veröffentlicht: New York Interscience 1967
Ausgabe:2nd compl. rev. and augm. ed.
Schlagworte:
Online-Zugang:Im OPAC anzeigen
Tags: Tag hinzufügen
Keine Tags, Fügen Sie das erste Tag hinzu!

MARC

LEADER 00000nam a2200000 a 4500
005 20260127134102.0
008 090505 1967 enk 000 0 eng d
035 |a vtls009505356 
039 9 |a 201601181041  |b AUTHORITY  |c 201601181041  |d AUTHORITY  |c 201601181040  |d AUTHORITY  |y 200905051345  |z mschk03 
040 |a STUSCHK1  |b slo  |c STUSCHK1  |e AACR2 
080 |a 547.29 
245 1 |a Fatty Acids  |b Their chemistry, properties, production, and uses  |n Part 4  |c edited by Klare S. Markley 
250 |a 2nd compl. rev. and augm. ed. 
260 |a New York  |b Interscience  |c 1967 
300 |a xii, 2481-3118 s.  |b il.  |c 23,5 cm 
650 0 |a mastné kyseliny 
700 1 |a Markley, Klare S. 
910 |a SCHK95 
999 |c 3747  |d 3747